World Rugby Club Teams - Statistics

General Stats
  • This quiz has been taken 2,049 times
  • The average score is 29 of 51
Answer Stats
Team Name % Correct
Leinster
78%
Munster
78%
Leicester Tigers
77%
RC Toulonnais
76%
Saracens
76%
London Wasps
74%
Blues
73%
Stade Toulousain
73%
Bath
71%
London Irish
71%
Harlequins
70%
Ulster
70%
Glasgow Warriors
69%
Sharks
69%
Crusaders
66%
Northampton Saints
66%
Newcastle Falcons
64%
Cardiff Blues
63%
Edinburgh
63%
Reds
63%
Exeter Chiefs
62%
Ospreys
62%
Chiefs
61%
Hurricanes
60%
Racing Métro
60%
Scarlets
59%
Bulls
57%
Brumbies
56%
Gloucester
56%
Highlanders
56%
Connacht
55%
Newport Gwent Dragons
55%
Stade Français Paris
54%
Waratahs
52%
ASM Clermont Auvergne
50%
Cheetahs
48%
Force
48%
Lions
48%
Stormers
48%
Rebels
47%
Worcester Warriors
46%
Benetton Treviso
45%
Sale Sharks
45%
Montpellier Hérault Rugby
39%
Lyon OU
35%
Union Bordeaux Bègles
35%
Castres Olympique
34%
USA Perpignan
33%
Biarritz Olympique
32%
CA Brive
31%
Aironi
18%
No matching quizzes found
Score Distribution
Percent of People with Each Score
Percentile by Number Answered
Your Score History
You have not taken this quiz